Divind Romance (Record no. 22854)

MARC details
000 -LEADER
fixed length control field 00353nam a2200133Ia 4500
008 - FIXED-LENGTH DATA ELEMENTS--GENERAL INFORMATION
fixed length control field 211109s9999||||xx |||||||||||||| ||und||
082 ## - DEWEY DECIMAL CLASSIFICATION NUMBER
Classification number 920
Item number SHU-D
100 ## - MAIN ENTRY--PERSONAL NAME
Personal name Shun [fulton J],
245 #0 - TITLE STATEMENT
Title Divind Romance
260 ## - PUBLICATION, DISTRIBUTION, ETC.
Name of publisher, distributor, etc. S h LEAGUE, ALWAYE NORTH P.O KERALA
Place of publication, distribution, etc. INDIA
Date of publication, distribution, etc. 1959
630 ## - SUBJECT ADDED ENTRY--UNIFORM TITLE
General subdivision General Stack
650 ## - SUBJECT ADDED ENTRY--TOPICAL TERM
Topical term or geographic name entry element Biography
942 ## - ADDED ENTRY ELEMENTS (KOHA)
Koha item type BOOK
650 ## - SUBJECT ADDED ENTRY--TOPICAL TERM
General subdivision Generalia
Holdings
Withdrawn status Lost status Damaged status Not for loan Home library Current library Date acquired Total Checkouts Full call number Barcode Shelving location Date last seen Price effective from Koha item type
        SB LIBRARY SB LIBRARY 09/11/2021   920 SHU-D 00023600 GENERAL STACK 09/11/2021 09/11/2021 BOOK

Powered by Koha